Statistics for World Capitals Closest to Nuuk

Click here to take the quiz!

General Stats

  • This quiz has been taken 504 times
  • The average score is 16 of 20

Answer Stats

kmcapitalmiles% Correct
3160Oslo1964
97%
2562Ottawa1592
97%
3252London2020
95%
1433Reykjavík891
94%
3527Stockholm2192
94%
2810Dublin1746
93%
3265Washington2029
92%
3426Amsterdam2129
90%
3766Helsinki2340
90%
3822Berlin2375
89%
3540Copenhagen2200
89%
3587Paris2229
89%
3520Brussels2187
88%
3708Luxembourg2304
81%
4048Madrid2515
76%
3996Bern2483
70%
3962Lisbon2462
69%
3969Riga2466
66%
3809Tallinn2367
60%
2230Torshavn1386
32%

Score Distribution

Percentile by Number Answered

Percent of People with Each Score

Your Score History

You have not taken this quiz